000 01420nam a2200265 i 4500
001 155545
003 ES-MaACL
005 20251007172845.0
008 170614s1945 sp |||| | spa d
245 0 0 _aFiguras cumbre del arte contemporaneo español.
_nI.
260 _aBarcelona :
_bArchivo de Arte,
_c[1945]
300 _a1 v. :
_bpricipalmente il. col. ;
_c34 cm.
505 0 _aJosé Clara / Juan Teixidor (10 h. de lám., 1 retr., 2 h. de texto). A. Vila Arrufat / Fernando Gutiérrez (10 h. de lám., 1 retr., 2 h. de texto). Gabriel Amat / Fernando Gutiérrez (10 h. de lám., 1 retr., 2 h. de texto). José Obiols / Juan Teixidor (10 h. de lám.,1 retr., 2 h. de texto). Pedro Inglada / Juan Teixidor (10 h. de lám., 1 retr., 2 h. de texto)
594 _aCada artista con retrato y reproducción de obras en láminas en blanco y negro y color, montadas sobre papel, más 2 h. con texto de presentación.
600 1 4 _aClará, José (
_d1878-1958)
_938989
600 1 4 _aVila Arrufat, Antoni (
_d1894-1988)
_9163073
600 1 7 _aAmat, Gabriel,
_d1899-1984
_2
_9163074
600 1 4 _aObiols Palau, José (
_d1894-1967)
_9163075
600 1 4 _aYnglada, Pere.
_965292
650 0 0 _aArte español-
_yS.XX.
_910202
700 1 _aTeixidor, Joan (
_d1913-1992)
_9109541
700 1 _aGutiérrez, Fernando,
_d1911-1984
_9156260
852 _aES-MaACL
_jB-2913
_z - Enc. tela
999 _c155545
_d155545